Los estatutos secretos del Opus Dei. (Record no. 16905)

MARC details
000 -LEADER
campo de control de longitud fija 01024nam a2200265 4500
001 - NÚMERO DE CONTROL
campo de control 16905
003 - IDENTIFICADOR DE NÚMERO DE CONTROL
campo de control ES-MaACL
007 - CAMPO FIJO DE DESCRIPCIÓN FÍSICA--INFORMACIÓN GENERAL
campo de control de longitud fija t|
008 - DATOS DE LONGITUD FIJA--INFORMACIÓN GENERAL
campo de control de longitud fija 001121s1986 sp ||||0| spa j
016 7# - NÚMERO DE CONTROL DE UNA AGENCIA BIBLIOGRÁFICA NACIONAL
Número de control cancelado/no válido IBH8705211528
040 ## - FUENTE DE CATALOGACIÓN
Centro catalogador/agencia de origen IBH
Lengua de catalogación spa
Centro/agencia transcriptor M-BN-DP
080 ## - NÚMERO DE LA CLASIFICACIÓN DECIMAL UNIVERSAL
Número de la Clasificación Decimal Universal 271 Opus Dei
110 2# - ENTRADA PRINCIPAL--NOMBRE DE ENTIDAD CORPORATIVA
Nombre de entidad corporativa o nombre de jurisdicción como elemento de entrada Opus Dei.
9 (RLIN) 6035
245 14 - MENCIÓN DEL TÍTULO
Título Los estatutos secretos del Opus Dei.
250 ## - MENCION DE EDICION
Mención de edición [Ed. bilingüe].
260 ## - PUBLICACIÓN, DISTRIBUCIÓN, ETC.
Lugar de publicación, distribución, etc. [Barcelona] :
Nombre del editor, distribuidor, etc. Tiempo,
Fecha de publicación, distribución, etc. 1986.
300 ## - DESCRIPCIÓN FÍSICA
Extensión 2 v. (188, 127 p.) ;
Dimensiones 19 cm.
500 ## - NOTA GENERAL
Nota general Tít. tomado de la cub. --Texto en latín y español.
505 8# - NOTA DE CONTENIDO CON FORMATO
Nota de contenido con formato Contiene: V. 1. Constituciones Sociedad Sacerdotal de la Santa Cruz y de la Obra de Dios... / [traducción del latín al español por Lois Perez Castro] -- V. 2. Código de Derecho particular de la Obra de Dios / [traducción del latín al español por Matilde Rovira Soler
610 27 - PUNTO DE ACCESO ADICIONAL DE MATERIA--NOMBRE DE ENTIDAD CORPORATIVA
Nombre de entidad corporativa o nombre de jurisdicción como elemento de entrada Opus Dei.
9 (RLIN) 6035
700 1# - ENTRADA AGREGADA--NOMBRE PERSONAL
Nombre de persona Pérez Castro, Lois.
9 (RLIN) 90724
700 1# - ENTRADA AGREGADA--NOMBRE PERSONAL
Nombre de persona Rovira Soler, Matilde.
9 (RLIN) 100156
852 ## - LOCALIZACIÓN
Ubicación ES-MaACL
Número de control de estantería G-2924-5
Sublocalización o colección R.112298
Holdings
Estatus retirado Estado de pérdida Estado de daño No para préstamo Biblioteca de origen Biblioteca actual Ubicación en estantería Fecha de adquisición Fuente de adquisición Total de préstamos Signatura topográfica completa Código de barras Visto por última vez Precio de reemplazo Tipo de ítem Koha
        Biblioteca del Ateneo de Madrid Biblioteca del Ateneo de Madrid Depósito 2 17/01/2008     G-2924-5 1017170 23/02/2023 23/02/2023 Libro impreso